MDQL
is popping MORE tags! Check the
thread
!
Quizzes
Events
Quiz Creation
Community
Videos
Private Events
Remove Ads
Sign In
Join for FREE
Feedback
Dark Mode
Quiz Categories
Sports
Geography
Music
Movies
Television
Just For Fun
Miscellaneous
History
Literature
Language
Science
Gaming
Entertainment
Religion
Holiday
For Kids
Quiz Lab
Recent
Popular Today
Quiz Kudos Today
Editor Picks
Curator Picks
Quizzes by...
Day
Popularity
Type
Ratings
Length
Year
Community
Subscriptions
Recent Discussions
Orange Saloon
Badges
Playlists
Quests
Create
Leaderboards
Showdown
Live 5
Trivia Bingo
Activity
Puzzle Library
Sporcle Events
Private Events
Virtual Trivia
Globe League
Become a Host
Pub Owners
SporcleCon
Opinionation
Our Games
Videos
Blog
Mobile Apps
Partnerships
Remove Ads and Go Orange
Feedback
Television
TV Characters
TV Show
Sitcom
Network
Friends
Reality Shows
Cast
South Park
Star Trek
The Simpsons
Doctor Who
Television
TV Characters
TV Show
Sitcom
Network
Friends
Reality Shows
Cast
South Park
Star Trek
The Simpsons
Doctor Who
Random Quiz
Search Sporcle
×
Quiz Lab
Quiz Lab
Television
TV Show
Type answers based on single images at one time
Type answers based on single images at one time
Slideshow
Best Score? Go Orange.
BBC Casualty Deaths Stats
BBC Casualty Deaths
By
Triceisinbuildin
10m
20 Questions
391 Plays
391 Plays
391 Plays
Comments
Comments
Give Quiz Kudos
Give Quiz Kudos
-
- Ratings
hide this ad
More Info
Replay
Link that replays current quiz
Next Quiz
Link to next quiz in quiz playlist
You Got
0%
They Got
Avg Score
40%
Avg Friend Score
Upgrade to see
Score Distribution
Jump to the score distribution portion of the page
Score
0/20
Timer
10:00
0
Plays Today
% Correct
Cal Knight
77.9%
Jeff Collier
75.1%
Ellen Zitek
52.3%
Polly Emmerson
49%
Finlay Newton
46.2%
Megan Roach
46.2%
Curtis Cooper
44.4%
Sandra Mute
38.5%
Selena Donovan
38.5%
Simon Kaminski
37.4%
% Correct
Patrick Spiller
36.7%
Baz Wilder
36.7%
Jack Vincent
35.9%
Anna Paul
35.4%
Claire Guildford
33.8%
Ewart Plimmer
33.3%
Jim Brodie
30.3%
Kelly Liddle
27.7%
Andrew Bower
26.4%
Paul Joyner
13.6%
Quiz Playlist
Details
Report
Send in Message
Add To Playlist
More Info:
Sorry again for the picture sizes.
Slideshow:
Type answers based on single images at one time
Last Updated: Sep 11, 2017
Quiz Scoreboard
CHALLENGE
Sign Up to Join the Scoreboard
Show All
Scores
Hide
Comments
May contain spoilers
Recently Published
5x2 Blitz: Bands
by SL_Kpop136
Music
30s
Colored Red Africa Blitz
by spor1
Geography
30s
Find the 'City' Movie
by crazypaving
Movies
60s
More to Explore
Quiz From the Vault
Featured Blog Post
14 Easter Pick-up Lines to Find Eggs With
hide this ad
You Might Also Like...
Tags
TV Show Quiz
Casualty
death
Notable Deaths
Today's Top Quizzes in Television
Browse Television
hide this ad
Today's Top Quizzes in TV Show
Browse TV Show
Top Contributed Quizzes in Television
1
Survivor Journey Challenge
2
Brooklyn Nine Nine Logic Puzzle (How-To-Play)
3
Phoebe Buffay Quotes
4
Survivor Trivia
5
Survivor Logic Puzzle: Heroes vs. Villains
6
One Tree Hill Logic Puzzle
7
Survivor Heroes vs. Villains Logic Puzzle
8
All US Survivor Seasons in Order
9
Game of Thrones: Tywin Lannister Start to Finish
10
Emmerdale Characters (from August 2012)
Explore More
Trending Topics
NBA
Disney
Marvel
Crossword
Kpop
Harry Potter
Anime
The Office
Puzzle
NFL
WWE
Country
Song
Pokémon
Soccer
hide this ad
More By:
Triceisinbuildin
Quiz
Plays
Rating
Category
Featured
Created
Can you name the 50 states of America in three minutes?
6,744
4.40
Geography
Jun 12, 2017
CBBC shows (UK)
2,982
3.08
Television
Sep 12, 2017
Emmerdale Quiz
2,960
2.67
Television
Jun 15, 2017
Contestants Of Love Island 2018
2,713
5.00
Television
Jun 14, 2018
Bones TV Show
2,346
4.20
Television
Jul 1, 2017
Go to Creator's Profile
Score Distribution
Quiz Creator Spotlight
Triceisinbuildin
Follow
Send a Message
Quizzes Created
-
Created Quiz Play Count
-
More By This Creator
Popular Quizzes Today
1
Colored Red Africa Blitz
2
Find the 'City' Movie
3
Find the US States - No Outlines Minefield
4
5x2 Blitz: Bands
5
The Countries of the World
6
Find the US States
7
US States
8
9x9 Crossword: Cartoon Network
More Television Quizzes
Friends Finish the Line: Season Ten, Episodes 11-14
Quiz Lab
Trending Quizzes
Colored Red Europe Blitz I
Colored Red Europe Blitz II
Colored Red Africa Blitz II
Colored Red Europe Blitz III
Colored Red Africa Blitz III
Recently Updated
How Do You Spell That?
pecheneg
Godzilla Movies
pecheneg
Grab Bag: 4-10 Letters
pecheneg
2024 March Madness Bracket
pecheneg
Famous TV Couples
Peacemaker
Champions League XIs: Real Madrid
pecheneg
Largest US Cities 1790-2010
pecheneg
Rides in Walt Disney World
pecheneg
Most Oscar Losses (Acting)
pecheneg
Beyoncé Albums
pecheneg
Trending Topics
Kpop
Disney
Crossword
NBA
Harry Potter
Anime
Marvel
Song
Pokémon
WWE
NFL
The Office
Soccer
Country
Puzzle
Your Account Isn't Verified!
In order to create a playlist on Sporcle, you need to verify the email address you used during registration. Go to your
Sporcle Settings
to finish the process.
Report this User
Report this user for behavior that violates our
Community Guidelines
.
Details:
Send Report
Go to the Sporcle.com Mobile Site →
Comments